MARC details
| 000 -CABECERA |
| campo de control de longitud fija |
05394nam a2200517Ia 4500 |
| 001 - NÚMERO DE CONTROL |
| campo de control |
dia_6510 |
| 003 - IDENTIFICADOR DEL NÚMERO DE CONTROL |
| campo de control |
CHAP |
| 005 - FECHA Y HORA DE LA ÚLTIMA TRANSACCIÓN |
| campo de control |
20240801184809.0 |
| 007 - CAMPO FIJO DE DESCRIPCIÓN FÍSICA--INFORMACIÓN GENERAL |
| campo de control de longitud fija |
ta |
| 008 - DATOS DE LONGITUD FIJA--INFORMACIÓN GENERAL |
| campo de control de longitud fija |
220117s2017 mx abdefrm 001 0 spa d |
| 010 ## - NÚMERO DE CONTROL DE LA BIBLIOTECA DEL CONGRESO |
| Número de control de LC |
178822 |
| 040 ## - FUENTE DE LA CATALOGACIÓN |
| Centro/agencia transcriptor |
CHAP |
| Centro catalogador/agencia de origen |
mxchpua |
| 041 0# - CÓDIGO DE LENGUA |
| Código de lengua del texto/banda sonora o título independiente |
spa |
| Código de lengua del sumario o resumen |
eng |
| 090 ## - LOCALMENTE ASIGNADO TIPO-LC NÚMERO DE CLASIFICACIÓN (OCLC); NÚMERO DE CLASIFICACIÓN LOCAL (RLIN) |
| Número de clasificación (OCLC) (R) ; Numero de clasificación, CALL (RLIN) (NR) |
Tesis |
| Número cutter local (OCLC) ; Número de libro/Signatura topográfica íntegra, CALL (RLIN) |
T45 |
| año |
2017 |
| 100 1# - ENTRADA PRINCIPAL--NOMBRE DE PERSONA |
| Nombre de persona |
Téllez Franco, Emmanuel |
| 240 10 - TÍTULO UNIFORME |
| Título uniforme |
Technical-economic feasibility to install a module of honey collection, in Santo Domingo de Morelos, Oaxaca. |
| Lenguaje de la obra |
Español |
| 245 10 - MENCIÓN DE TÍTULO |
| Título |
Factibilidad técnico-económica para instalar un módulo de acopio de miel, Santo Domingo de Morelos, Oaxaca / |
| Mención de responsabilidad, etc. |
Emmanuel Téllez Franco |
| 264 ## - PRODUCCIÓN, PUBLICACIÓN, DISTRIBUCIÓN, FABRICACIÓN Y COPYRIGHT |
| Producción, publicación, distribución, fabricación y copyright |
Chapingo, México : |
| Nombre del de productor, editor, distribuidor, fabricante |
El autor, |
| Fecha de producción, publicación, distribución, fabricación o copyright |
2017 |
| 300 ## - DESCRIPCIÓN FÍSICA |
| Extensión |
xi, 77 hojas : |
| Otras características físicas |
ilustraciones, mapas, gráficas, diagramas, tablas, planos + |
| Material acompañante/anejo |
1 CD-ROM |
| 336 ## - TIPO DE CONTENIDO |
| Fuente |
rdacontent |
| Término de tipo de contenido |
texto |
| Código de tipo de contenido |
txt |
| 337 ## - TIPO DE MEDIO |
| Fuente |
rdamedia |
| Nombre/término del tipo de medio |
no mediado |
| Código del tipo de medio |
n |
| 338 ## - TIPO DE SOPORTE |
| Fuente |
rdacarrier |
| Nombre/término del tipo de soporte |
volumen |
| Código del tipo de soporte |
nc |
| 500 ## - NOTA GENERAL |
| Nota general |
El CD contiene reporte y artículo --<br/>Los planos están incluidos en el reporte |
| 502 ## - NOTA DE TESIS |
| Nota de tesis |
Formulación y Evaluación de Proyectos |
| Tipo de título |
(Ingeniero Agroindustrial) -- |
| Nombre de la institución que otorga el título |
UACh. Departamento de Ingeniería Agroindustrial, |
| Año de obtención del título |
2017 |
| 504 ## - NOTA DE BIBLIOGRAFÍA, ETC. |
| Nota de bibliografía, etc. |
Bibliografía: hojas 74-76 |
| 505 ## - NOTA DE CONTENIDO CON FORMATO |
| Nota de contenido con formato |
3 planos --<br/>1. Propuesta de plano de distribución de áreas (Esc. 1:75) --<br/>2. Diagrama de distribución de equipo y recorrido <br/>3. Diagrama de flujo |
| 520 3# - SUMARIO, ETC. |
| Sumario, etc. |
La apicultura en Oaxaca, favorece positivamente al ambiente por el efecto de la polinización y genera empleos directos e indirectos, en zonas de pobreza y alta marginación. En la presente tesis se realizó el análisis de las condiciones tanto documentalmente como en campo para determinar la factibilidad técnico económica para la instalación de un módulo de acopio de miel, en la localidad de Santo Domingo de Morelos, Oaxaca, mediante la metodología del proyecto estratégico de seguridad alimentaria. También se definió el programa de capacitación y asesoría que disminuya el riesgo en la inversión. El proyecto representa una importante oportunidad para su desarrollo exitoso, ya que la activad apícola es una alternativa económicamente rentable para la región. En los indicadores financieros se específica que durante el desarrollo del mismo se obtiene una relación B/C= 1.27 y VAN = $ 657 129.72, al igual se indica que puede soportar una TIR del 49 % para la recuperación del costo del capital. Lo que nos indica que por cada peso invertido durante la vida útil del proyecto se tiene beneficios netos de 27 centavos, o que el proyecto tiene una utilidad neta de $ 657 129.72 después de un periodo proyectado de 5 años, aún después de considerar una tasa de actualización anual del 12 %.Con esta propuesta se busca fomentar y dar valor agregado al producto mediante el manejo uniforme en la manufactura de la miel garantizando una alta calidad durante cada uno de los procesos, asimismo es con la finalidad de mejorar los ingresos al interior del seno familiar y como consecuencia mejorar la calidad de vida de las familias. |
| 520 3# - SUMARIO, ETC. |
| Sumario, etc. |
Beekeeping in Oaxaca positively favors the environment through the effect of pollination, and generates direct and indirect jobs in areas of poverty and high marginalization. In the present thesis, the analysis of the conditions both in literature and in field was carried out to determine the technical feasibility for the installation of a honey collection module in the locality of Santo Domingo de Morelos, Oaxaca, through the methodology of the Food security strategic project. The training and advice scheme was also defined to reduce the risk in the investment.The project represents an important opportunity for the region’s successful development, since beekeeping is an economically profitable alternative for the region. In the financial indicators it is specified that during the development of the project B / C = 1.27 and NPL = $ 657 129.72 MXN values were obtained, it can also be indicated that it can support a IRR of 49 % for the recovery of the cost of capital. This indicates that each peso invested during the life of the project has net benefits of 27 cents, or that the project has a net profit of $ 657 129.72 MXN after a projected period of 5 years, even after considering an annual update rate of 12 %.This proposal seeks to promote and add value to the product through the uniform management in the manufacture of honey, guaranteeing high quality during each of the processes, also with the aim of improving income within the family and as a consequence improve their quality of life. |
| 650 #0 - PUNTO DE ACCESO ADICIONAL DE MATERIA--TÉRMINO DE MATERIA |
| Término de materia o nombre geográfico como elemento de entrada |
Apicultura |
| Subdivisión geográfica |
México |
| -- |
Oaxaca |
| Fuente del encabezamiento o término |
atg |
| 650 13 - PUNTO DE ACCESO ADICIONAL DE MATERIA--TÉRMINO DE MATERIA |
| Término de materia o nombre geográfico como elemento de entrada |
Iniciativa empresarial |
| Subdivisión geográfica |
México |
| -- |
Oaxaca |
| Fuente del encabezamiento o término |
atg |
| 650 13 - PUNTO DE ACCESO ADICIONAL DE MATERIA--TÉRMINO DE MATERIA |
| Término de materia o nombre geográfico como elemento de entrada |
Miel y productos fabricados por abejas |
| Subdivisión general |
Producción |
| Fuente del encabezamiento o término |
atg |
| 650 13 - PUNTO DE ACCESO ADICIONAL DE MATERIA--TÉRMINO DE MATERIA |
| Término de materia o nombre geográfico como elemento de entrada |
Apiculture |
| Subdivisión geográfica |
México |
| -- |
Oaxaca |
| Fuente del encabezamiento o término |
atg |
| 650 13 - PUNTO DE ACCESO ADICIONAL DE MATERIA--TÉRMINO DE MATERIA |
| Término de materia o nombre geográfico como elemento de entrada |
Entrepreneurship |
| Subdivisión geográfica |
México |
| -- |
Oaxaca |
| Fuente del encabezamiento o término |
atg |
| 650 13 - PUNTO DE ACCESO ADICIONAL DE MATERIA--TÉRMINO DE MATERIA |
| Término de materia o nombre geográfico como elemento de entrada |
Honey and bee products |
| Subdivisión general |
Production |
| Fuente del encabezamiento o término |
atg |
| 700 1# - PUNTO DE ACCESO ADICIONAL--NOMBRE DE PERSONA |
| Nombre de persona |
Ponce Hernández, Pedro |
| Término indicativo de función/relación |
director |
| 700 1# - PUNTO DE ACCESO ADICIONAL--NOMBRE DE PERSONA |
| Nombre de persona |
López Bautista, Vicente |
| Término indicativo de función/relación |
asesor |
| 700 1# - PUNTO DE ACCESO ADICIONAL--NOMBRE DE PERSONA |
| Nombre de persona |
Pérez Barrón, Juan |
| Término indicativo de función/relación |
asesor |
| 856 41 - LOCALIZACIÓN Y ACCESO ELECTRÓNICOS |
| Identificador Uniforme del Recurso |
<a href="http://10.13.5.2/tesis/sist113768.pdf">http://10.13.5.2/tesis/sist113768.pdf</a> |
| Texto de enlace |
DESCARGAR PDF |
| 901 ## - ELEMENTOS DE DATOS A LOCAL LDA (RLIN) |
| a |
TESIS T45 2017 |
| 942 ## - ELEMENTOS DE PUNTO DE ACCESO ADICIONAL (KOHA) |
| Tipo de ítem Koha |
TESIS |
| Fuente del sistema de clasificación o colocación |
Clasificación Universidad Autónoma Chapingo |
| 902 ## - ELEMENTOS DE DATOS B LOCAL, LDB (RLIN) |
| a |
M |
| 905 ## - ELEMENTOS DE DATOS E LOCAL, LDE (RLIN) |
| a |
5232272017 MX NMEL8223223322SPA16 |